[Event "Florianopolis op 5th"]
[Site "Florianopolis"]
[Date "2019.01.27"]
[Round "10"]
[White "Rodrigues Mota, Romulo Cardoso S"]
[Black "Maba, Mateus dos Passos"]
[Result "1-0"]
[WhiteElo "1494"]
[BlackElo "1705"]
[PlyCount "45"]
[EventDate "2019.01.21"]
[EventType "swiss"]
[EventRounds "10"]
[EventCountry "BRA"]
[SourceTitle "EXT 2020"]
[Source "ChessBase"]
[SourceDate "2019.10.17"]
[SourceVersion "1"]
[SourceVersionDate "2019.10.17"]
[SourceQuality "1"]

1. e4 Nc6 2. Nf3 d5 3. exd5 Qxd5 4. Nc3 Qa5 5. Be2 Bg4 6. 0-0 0-0-0 7. d3 Nf6 8. Bd2 Qh5 9. h3 e5 10. hxg4 Nxg4 11. Nh4 f5 12. g3 Be7 13. Bxg4 fxg4 14. f3 Rd4 15. Ne4 Bxh4 16. gxh4 Qg6 17. fxg4 h5 18. g5 Rxe4 19. dxe4 Qxe4 20. Qf3 Qxh4 21. Qf5+ Kd8 22. Bf4 exf4 23. Rad1+ 1-0

[Event "Florianopolis op 4th"]
[Site "Florianopolis"]
[Date "2018.01.22"]
[Round "6"]
[White "Blank Goncalves, Eduardo"]
[Black "Maba, Mateus dos Passos"]
[Result "1-0"]
[WhiteElo "2102"]
[BlackElo "1639"]
[PlyCount "91"]
[EventDate "2018.01.19"]
[EventType "swiss"]
[EventRounds "10"]
[EventCountry "BRA"]
[SourceTitle "EXT 2019"]
[Source "ChessBase"]
[SourceDate "2018.10.10"]
[SourceVersion "1"]
[SourceVersionDate "2018.10.10"]
[SourceQuality "1"]

1. d4 Nf6 2. Nf3 c5 3. e3 g6 4. Be2 Bg7 5. 0-0 b6 6. b3 Bb7 7. Nbd2 0-0 8. Bb2 d6 9. c4 Nbd7 10. a4 a5 11. Re1 Re8 12. Nf1 e5 13. dxe5 dxe5 14. Ng3 Qc7 15. Qc2 Rad8 16. Red1 e4 17. Nd2 h5 18. h3 h4 19. Ngf1 Ne5 20. Bxe5 Qxe5 21. Nh2 Bc8 22. Ndf1 Bh6 23. Rac1 Nh7 24. Rxd8 Rxd8 25. Rd1 Qc7 26. Qxe4 Rxd1 27. Bxd1 Qd8 28. Bf3 Ng5 29. Qa8 Qc7 30. Bd5 Kg7 31. Ng4 Bxg4 32. hxg4 h3 33. f4 hxg2 34. Bxg2 Ne6 35. g5 Nxg5 36. fxg5 Bxg5 37. Qd5 Qe7 38. e4 Qf6 39. Qd3 Qf4 40. Nh2 Qc1+ 41. Bf1 Be3+ 42. Kg2 Qb2+ 43. Be2 Bh6 44. Nf3 Qf6 45. Qd5 Qf4 46. Qe5+ 1-0

[Event "BRA-ch U18"]
[Site "Itajai"]
[Date "2017.06.04"]
[Round "6"]
[White "Carstens Dobuchak, Thiago"]
[Black "Maba, Mateus dos Passos"]
[Result "1-0"]
[WhiteElo "2049"]
[BlackElo "1661"]
[PlyCount "87"]
[EventDate "2017.06.01"]
[EventType "swiss"]
[EventRounds "6"]
[EventCountry "BRA"]
[SourceTitle "CBM 179 Extra"]
[Source "ChessBase"]
[SourceDate "2017.08.23"]
[SourceVersion "1"]
[SourceVersionDate "2017.08.23"]
[SourceQuality "1"]

1. d4 Nf6 2. Nf3 d5 3. Bg5 Bf5 4. c4 e6 5. Nc3 Be7 6. Bxf6 Bxf6 7. cxd5 exd5 8. Qb3 Nd7 9. Nxd5 0-0 10. Nxf6+ Nxf6 11. e3 c5 12. Be2 cxd4 13. Nxd4 Rc8 14. 0-0 Be4 15. Bf3 b6 16. Rfd1 Qe7 17. Rac1 h6 18. Bxe4 Nxe4 19. Qd3 Nc5 20. Qe2 Rfd8 21. Qg4 Ne6 22. Nxe6 Rxd1+ 23. Rxd1 Qxe6 24. Qxe6 fxe6 25. Kf1 Rc7 26. Ke2 Kf7 27. Kd2 Ke7 28. Rc1 Rd7+ 29. Ke2 Kf7 30. f3 Ke7 31. e4 Kf6 32. Ke3 Kf7 33. f4 Kf6 34. g4 g6 35. Rc6 Kf7 36. f5 Re7 37. Rxe6 Rxe6 38. fxe6+ Kxe6 39. Kd4 h5 40. h3 a6 41. e5 hxg4 42. hxg4 g5 43. Ke4 a5 44. a4 1-0

[Event "BRA-ch U18"]
[Site "Itajai"]
[Date "2017.06.01"]
[Round "1"]
[White "Maba, Mateus dos Passos"]
[Black "Leite, Thales Ferreira"]
[Result "0-1"]
[WhiteElo "1661"]
[BlackElo "1873"]
[PlyCount "66"]
[EventDate "2017.06.01"]
[EventType "swiss"]
[EventRounds "6"]
[EventCountry "BRA"]
[SourceTitle "CBM 179 Extra"]
[Source "ChessBase"]
[SourceDate "2017.08.23"]
[SourceVersion "1"]
[SourceVersionDate "2017.08.23"]
[SourceQuality "1"]

1. e4 c6 2. d4 d5 3. e5 Bf5 4. h4 h5 5. Nc3 e6 6. Nge2 Be7 7. Nf4 g6 8. Bd3 Nh6 9. Be3 Nd7 10. Qe2 Nb6 11. Bxf5 Nxf5 12. g4 hxg4 13. Qxg4 Nxe3 14. fxe3 Rxh4 15. Qg2 Nc4 16. Ke2 Rc8 17. Rxh4 Bxh4 18. Rh1 Nb6 19. Qg4 Be7 20. Rh8+ Bf8 21. Nxg6 fxg6 22. Qxe6+ Qe7 23. Qxg6+ Qf7 24. Qh6 Rc7 25. e6 Qg7 26. Qh5+ Kd8 27. Qh4+ Re7 28. Rh5 Qg2+ 29. Kd3 Nc4 30. Ne2 Qf3 31. Kc3 Qxe3+ 32. Kb4 a5+ 33. Kc5 Qxe6 0-1

[Event "Catarinense-ch"]
[Site "Blumenau"]
[Date "2017.05.19"]
[Round "1"]
[White "Maba, Mateus dos Passos"]
[Black "Yamamoto, Eduardo Akio"]
[Result "0-1"]
[WhiteElo "1628"]
[BlackElo "2190"]
[PlyCount "67"]
[EventDate "2017.05.19"]
[EventType "swiss"]
[EventRounds "6"]
[EventCountry "BRA"]
[SourceTitle "CBM 178 Extra"]
[Source "ChessBase"]
[SourceDate "2017.06.22"]
[SourceVersion "1"]
[SourceVersionDate "2017.06.22"]
[SourceQuality "1"]

1. e4 Nf6 2. Nc3 d5 3. d4 Nxe4 4. Nxe4 dxe4 5. f3 Bf5 6. Bf4 e6 7. Qd2 Bd6 8. 0-0-0 c6 9. h4 h5 10. Ne2 Qc7 11. Bxd6 Qxd6 12. Qg5 Nd7 13. Ng3 Qe7 14. Qf4 e3 15. Nxf5 exf5 16. Re1 0-0-0 17. Rxe3 Qf6 18. Ra3 Nb6 19. c3 Nd5 20. Qd2 Kb8 21. c4 Nc7 22. Rd3 Rd7 23. Be2 Rhd8 24. Rd1 Qxh4 25. Kb1 Qf2 26. d5 cxd5 27. cxd5 Rxd5 28. Qg5 Ne6 29. Qe7 Rxd3 30. Bxd3 Qe3 31. Qa3 Nc5 32. Qa5 b6 33. Qc3 Rxd3 34. Rxd3 0-1

[Event "Florianopolis op 3rd"]
[Site "Florianopolis"]
[Date "2017.01.26"]
[Round "10"]
[White "Zimmermann, Kleber Renato P"]
[Black "Maba, Mateus dos Passos"]
[Result "1-0"]
[WhiteElo "1921"]
[BlackElo "1500"]
[PlyCount "35"]
[EventDate "2017.01.20"]
[EventType "swiss"]
[EventRounds "10"]
[EventCountry "BRA"]
[SourceTitle "CBM 176 Extra"]
[Source "ChessBase"]
[SourceDate "2017.03.02"]
[SourceVersion "1"]
[SourceVersionDate "2017.03.02"]
[SourceQuality "1"]

1. d4 Nf6 2. Nf3 d5 3. Bg5 Bf5 4. c4 e6 5. Nc3 c6 6. e3 Be7 7. Bxf6 Bxf6 8. cxd5 0-0 9. dxe6 Bxe6 10. Be2 c5 11. 0-0 Qc7 12. Ne4 Be7 13. Nxc5 Nd7 14. Nxe6 fxe6 15. Qb3 Rac8 16. Rac1 Qd8 17. Qxe6+ Kh8 18. Bb5 1-0

[Event "Florianopolis op 3rd"]
[Site "Florianopolis"]
[Date "2017.01.25"]
[Round "8"]
[White "Coelho, Tatiane Cristina"]
[Black "Maba, Mateus dos Passos"]
[Result "1/2-1/2"]
[WhiteElo "1776"]
[BlackElo "1500"]
[PlyCount "72"]
[EventDate "2017.01.20"]
[EventType "swiss"]
[EventRounds "10"]
[EventCountry "BRA"]
[SourceTitle "CBM 176 Extra"]
[Source "ChessBase"]
[SourceDate "2017.03.02"]
[SourceVersion "1"]
[SourceVersionDate "2017.03.02"]
[SourceQuality "1"]

1. e4 Nc6 2. d4 d5 3. e5 Bf5 4. c3 e6 5. Nf3 Nge7 6. Be2 f6 7. Qb3 Qd7 8. Qxb7 Rb8 9. Qa6 fxe5 10. Nxe5 Nxe5 11. dxe5 Nc6 12. f4 Bc5 13. b4 Rxb4 14. Bb5 Rxb5 15. Qxb5 Bb6 16. a4 a5 17. Ba3 Kf7 18. Nd2 Rb8 19. Qe2 d4 20. Nf3 dxc3 21. Rd1 Nd4 22. Nxd4 Bxd4 23. Qc4 Rb1 24. Rxb1 Bxb1 25. Ke2 Bf5 26. h3 c5 27. Rc1 Qc6 28. Kf1 Bxh3 29. Qe2 Bf5 30. Qh5+ Bg6 31. Qd1 Qa6+ 32. Ke1 Qc6 33. Kf1 Qd5 34. Qf3 Be4 35. Qh5+ Bg6 36. Qf3 Be4 1/2-1/2

[Event "Florianopolis op 3rd"]
[Site "Florianopolis"]
[Date "2017.01.23"]
[Round "5"]
[White "Maba, Mateus dos Passos"]
[Black "Okamura, Milton Kasuo"]
[Result "0-1"]
[WhiteElo "1500"]
[BlackElo "2034"]
[PlyCount "38"]
[EventDate "2017.01.20"]
[EventType "swiss"]
[EventRounds "10"]
[EventCountry "BRA"]
[SourceTitle "CBM 176 Extra"]
[Source "ChessBase"]
[SourceDate "2017.03.02"]
[SourceVersion "1"]
[SourceVersionDate "2017.03.02"]
[SourceQuality "1"]

1. e4 e5 2. Nf3 Nc6 3. Bc4 Bc5 4. b4 Bxb4 5. c3 Be7 6. d4 Bf6 7. Qb3 Qe7 8. Ba3 d6 9. d5 Nb8 10. Nbd2 Qd8 11. 0-0 Ne7 12. Bb5+ Nd7 13. Ne1 0-0 14. f4 exf4 15. Rxf4 Bg5 16. Rf2 Be3 17. Nef3 Ng6 18. Re1 Bxf2+ 19. Kxf2 Nde5 0-1

[Event "Florianopolis op 3rd"]
[Site "Florianopolis"]
[Date "2017.01.20"]
[Round "1"]
[White "Maba, Mateus dos Passos"]
[Black "Campos, Otavio Moraes"]
[Result "1-0"]
[WhiteElo "1500"]
[BlackElo "1724"]
[PlyCount "43"]
[EventDate "2017.01.20"]
[EventType "swiss"]
[EventRounds "10"]
[EventCountry "BRA"]
[SourceTitle "CBM 176 Extra"]
[Source "ChessBase"]
[SourceDate "2017.03.02"]
[SourceVersion "1"]
[SourceVersionDate "2017.03.02"]
[SourceQuality "1"]

1. e4 e5 2. Nf3 Nc6 3. Bc4 Bc5 4. b4 Bxb4 5. c3 Ba5 6. d4 exd4 7. 0-0 h6 8. Qb3 Qf6 9. e5 Qg6 10. Ba3 dxc3 11. Nxc3 Bb6 12. Nd5 Na5 13. Qb4 d6 14. exd6 Qxd6 15. Qe1+ Qe6 16. Nxc7+ Bxc7 17. Bxe6 Bxe6 18. Nd4 0-0-0 19. Nxe6 fxe6 20. Qxe6+ Kb8 21. Rfd1 Rf8 22. Bxf8 1-0